000 00627nam a22002177a 4500
003 UA-OsUOA
001 56037
007 ta
008 20080929b un ||||| |||| 00| 0 ukr d
100 _aБойко С.В.
090 _a330
_bБ77
942 _cSA
040 _aUA-OsUOA
_bukr
_cUA-OsUOA
_dUA-OsUOA
245 _aСтатистичне вивчення доходів Державного бюджету України
300 _aС.39-44
955 _a0
041 _aukr
080 _a330
773 0 _w56033
_tСтатистика України
_dК.
_d2008
_g2
650 7 _a330 Економіка взагалі
_2UDC
999 _c342336
_d342336